Trouve l'anime - Lettre E (DIFFICILE) - Statistiques

Statistiques générales
  • Ce quiz a été pris 29 fois
  • Le résultat moyen est 4 sur 20
Statistiques - réponses
Par images Réponse % Correct
En en no Shouboutai
85%
Erased
81%
Edens Zero
67%
Elfen Lied
67%
Eromanga Sensei
41%
Ergo Proxy
30%
Eizouken ni wa Te wo Dasu na!
26%
Ef : A Tale of Memories
15%
Eureka Seven
15%
Elf san wa yaserarenai
11%
Ex arm
7%
Engage Kiss
4%
Egao no Daika
0%
Eiken
0%
Elf wo Karu Mono-Tachi
0%
El Hazard
0%
Endride
0%
Etotama
0%
Excel Saga
0%
Extreme Hearts
0%
Aucun quiz correspondant
Distribution des résultats
% des personnes avec chaque résultat
Percentile par nombre de réponses
Votre historique - résultats
Vous n’avez pas pris ce quiz